ՀՀ Գիտությունների ազգային ակադեմիայի հիմնարար գիտական գրադարան  =   Fundamental Scientific Library of NAS RA

Սևան : (Record no. 179851)

MARC details
000 -LEADER
fixed length control field 00719nas a2200217 a 4500
001 - CONTROL NUMBER
control field 000488505
003 - CONTROL NUMBER IDENTIFIER
control field AM-YeHGA
005 - DATE AND TIME OF LATEST TRANSACTION
control field 20251017150717.0
008 - FIXED-LENGTH DATA ELEMENTS--GENERAL INFORMATION
fixed length control field 060516c19469999sy |r|p 0 0arm d
040 ## - CATALOGING SOURCE
Original cataloging agency AM-YeHGA
041 0# - LANGUAGE CODE
Language code of text/sound track or separate title arm
222 #0 - KEY TITLE
Key title Սևան
245 00 - TITLE STATEMENT
Title Սևան :
Remainder of title Պարբերագիրք գրականութեան և արվեստի /
Statement of responsibility, etc. Հալեպահայ ուսուցչական մ-թյուն.
260 ## - PUBLICATION, DISTRIBUTION, ETC.
Place of publication, distribution, etc. Հալէպ :
Name of publisher, distributor, etc. Ա.հ.,
Date of publication, distribution, etc. 1946-.
300 ## - PHYSICAL DESCRIPTION
Extent համար.
362 0# - DATES OF PUBLICATION AND/OR SEQUENTIAL DESIGNATION
Dates of publication and/or sequential designation 1946-
650 04 - SUBJECT ADDED ENTRY--TOPICAL TERM
Topical term or geographic name entry element Ամսագիր
650 14 - SUBJECT ADDED ENTRY--TOPICAL TERM
Topical term or geographic name entry element Գրականություն
General subdivision Արվեստ
Form subdivision Պարբերականներ
710 2# - ADDED ENTRY--CORPORATE NAME
Corporate name or jurisdiction name as entry element Հալեպահայ ուսուցչական միություն
942 ## - ADDED ENTRY ELEMENTS (KOHA)
Source of classification or shelving scheme Universal Decimal Classification
Koha item type Շարունակական պաշար / Continuing Resource
Holdings
Withdrawn status Lost status Source of classification or shelving scheme Damaged status Not for loan Collection Home library Current library Date acquired Serial enumeration / chronology Total checkouts Full call number Barcode Date last seen Price effective from Koha item type Public note
    Universal Decimal Classification     General Fundamental Scientific Library Fundamental Scientific Library 28/12/2016 1946, № 1   АЖ 514 488529-10 28/12/2016 28/12/2016 Շարունակական պաշար / Continuing Resource 30 Days Loan


ՀՀ ԳԱԱ հիմնարար գիտական գրադարան
ՀՀ,Երևան 0019
Մարշալ Բաղրամյան 24/6
հեռախոս:(374-10) 52-47-50
Հետադարձ կապ

All site content, except where otherwise noted, is licensed under a
Creative Commons License